00900cam a2200277 a 450000100100000000500170001000800410002701000130006802000220008104000250010308200180012810000260014624500500017225000110022226000310023330000200026449000270028450000420031165000280035365000300038183000320041191000340044304900090047795201210048699900150060700000509720200929151558.0830720|1980 mx 000 0 spa  a83180068 a9684341652 (pbk.) aDO-SdBNPbspacBNPHU aM861.44bK86j1 aKozer, José.91462510aJarrón de las abreviaturas /cJosé Kozer. a1a ed. aMéxico :bPremia,c1980. a56 p. ;c21 cm.1 aLibros del bicho ;v21 aIncluye datos biográficos del autor 4aPoesía mexicana99120 4aLiteratura mexicana91922 0aLibros del bichov21914626 aCatalogación por copia / LC aBNGR 001054708MOaGRbGRcCTd2009-07-29iLF1l0oM861.44 K86jp5097-10r2020-06-25w2020-06-25y4ZPréstamo en sala c4900d4900